Notas para el estudio económico de América Latina, 1981: Guatemala

Zapisane w:
Opis bibliograficzny
Korporacja: CEPAL
Format: Texto
Wydane: México D.F.: CEPAL
Etykiety: Dodaj etykietę
Nie ma etykietki, Dołącz pierwszą etykiete!

MARC

LEADER 00000 a a2200000 04500
001 23005
003
040
090 |a 158500  
110 |a CEPAL  
245 |a Notas para el estudio económico de América Latina, 1981: Guatemala  
260 |a México D.F.:   |b CEPAL  
300 |a 37 p.   |b **no definido**  
999 |c 10396  |d 10396